000 00523 a2200217 4500
001 110160
020 _a9788530501259
041 _apor
090 _aYear 2 028
100 _aBandeira, Pedro.
250 _a. ed.
490 _aCamaleão
697 _aClássico.
697 _aLiteratura infantil.
830 _aCamaleão
856 _u000018/0000188f.jpg
040 _aBR-BrIDEA
_cBR-BrIDEA
245 1 0 _aChapeuzinho e o lobo mau
_c Pedro Bandeira
260 _a[S.l.]
_bQuinteto Editorial
_c1997
942 _cBK
999 _c110160
_d110160